000 00333 a2200157 4500
001 62490
020 _a8506029325
040 _cAnchieta - Pituba
100 _aLondon, Jack
240 1 0 _aCaninos brancos
_lpor
245 1 0 _aCaninos brancos
300 _a237
362 0 _a1998
650 4 _aFicção norte-americana
942 _cBK
999 _c62490
_d62490